Jinnah : India, partition, independence / (Record no. 70133)

000 -LEADER
fixed length control field 01712cam a22003977a 4500
001 - CONTROL NUMBER
control field 16212044
003 - CONTROL NUMBER IDENTIFIER
control field NUST - PNEC
005 - DATE AND TIME OF LATEST TRANSACTION
control field 20170116181134.0
008 - FIXED-LENGTH DATA ELEMENTS--GENERAL INFORMATION
fixed length control field 100430r20102009enkab b 000 0 eng
010 ## - LIBRARY OF CONGRESS CONTROL NUMBER
LC control number 2010293114
020 ## - INTERNATIONAL STANDARD BOOK NUMBER
International Standard Book Number 9780195479270
020 ## - INTERNATIONAL STANDARD BOOK NUMBER
International Standard Book Number 0195479270
040 ## - CATALOGING SOURCE
Original cataloging agency DLC
Transcribing agency LIBRARY
Modifying agency DLC
043 ## - GEOGRAPHIC AREA CODE
Geographic area code a-ii---
-- a-pk---
050 00 - LIBRARY OF CONGRESS CALL NUMBER
Classification number DS385.J5
Item number S56 2010
082 00 - DEWEY DECIMAL CLASSIFICATION NUMBER
Classification number 954.0357092 SIN
100 1# - MAIN ENTRY--PERSONAL NAME
Personal name Singh, Jaswant,
Dates associated with a name 1938-
245 10 - TITLE STATEMENT
Title Jinnah : India, partition, independence /
Statement of responsibility, etc. Jaswant Singh.
260 ## - PUBLICATION, DISTRIBUTION, ETC.
Place of publication, distribution, etc. Oxford ;
-- New York :
Name of publisher, distributor, etc. Oxford University Press,
Date of publication, distribution, etc. 2010.
300 ## - PHYSICAL DESCRIPTION
Extent xv, 550 p. :
Other physical details ill., maps ;
Dimensions 25 cm.
500 ## - GENERAL NOTE
General note "1st pub. by Rupa & Co., New Delhi 2009"--t.p. verso.
504 ## - BIBLIOGRAPHY, ETC. NOTE
Bibliography, etc. note Includes bibliographical references (p. [493]-537) and index.
520 ## - SUMMARY, ETC.
Summary, etc. Biography of Mohammed Ali Jinnah, 1876-1948, statesman and founder of Pakistan.
600 10 - SUBJECT ADDED ENTRY--PERSONAL NAME
Personal name Jinnah, Mahomed Ali,
Dates associated with a name 1876-1948.
650 #0 - SUBJECT ADDED ENTRY--TOPICAL TERM
Topical term or geographic name entry element Statesmen
Geographic subdivision Pakistan
Form subdivision Biography.
650 #0 - SUBJECT ADDED ENTRY--TOPICAL TERM
Topical term or geographic name entry element Politicians
Geographic subdivision India
Form subdivision Biography.
General subdivision General
650 #0 - SUBJECT ADDED ENTRY--TOPICAL TERM
Topical term or geographic name entry element Pakistan movement.
651 #0 - SUBJECT ADDED ENTRY--GEOGRAPHIC NAME
Geographic name India
General subdivision Politics and government
Chronological subdivision 1919-1947.
651 #0 - SUBJECT ADDED ENTRY--GEOGRAPHIC NAME
Geographic name India
General subdivision History
Chronological subdivision Partition, 1947.
856 41 - ELECTRONIC LOCATION AND ACCESS
Materials specified Table of contents only
Uniform Resource Identifier <a href="http://www.loc.gov/catdir/enhancements/fy1009/2010293114-t.html">http://www.loc.gov/catdir/enhancements/fy1009/2010293114-t.html</a>
856 42 - ELECTRONIC LOCATION AND ACCESS
Materials specified Publisher description
Uniform Resource Identifier <a href="http://www.loc.gov/catdir/enhancements/fy1009/2010293114-d.html">http://www.loc.gov/catdir/enhancements/fy1009/2010293114-d.html</a>
856 42 - ELECTRONIC LOCATION AND ACCESS
Materials specified Contributor biographical information
Uniform Resource Identifier <a href="http://www.loc.gov/catdir/enhancements/fy1009/2010293114-b.html">http://www.loc.gov/catdir/enhancements/fy1009/2010293114-b.html</a>
906 ## - LOCAL DATA ELEMENT F, LDF (RLIN)
a 7
b cbc
c origres
d 2
e ncip
f 20
g y-gencatlg
942 ## - ADDED ENTRY ELEMENTS (KOHA)
Source of classification or shelving scheme
Koha item type Book
Holdings
Withdrawn status Lost status Source of classification or shelving scheme Damaged status Not for loan Permanent Location Current Location Shelving location Date acquired Total Checkouts Full call number Barcode Date last seen Date last checked out Price effective from Koha item type
          Pakistan Navy Engineering College (PNEC) Pakistan Navy Engineering College (PNEC)     2 954.9092 SIN PNECLIB-030828 04/04/2016 03/22/2016   Book
© 2023 Central Library, National University of Sciences and Technology. All Rights Reserved.